El legado pedagógico del siglo XX para la escuela del siglo XXI

保存先:
書誌詳細
主要な著者: Trilla Bernet, Jaume (著者), González Monteagudo, José (著者), Solà Gussinyer, Pere (著者), Pla Molins, María (著者), Cano García, Elena (著者), Lorenzo Ramírez, Núria (著者), Muset Adel, Margarida (著者), Puig Rovira, Josep María (著者), Fairstein, Gabriela (著者), Carretero Rodríguez, Mario (著者), Vila Mendiburu, Ignasi (著者), Gros Salvat, Begoña (著者), Imbernón Muñoz, Francisco (著者), Tort Bardolet, Antoni (著者), Rodríguez Illera, José Luis (著者), Escofet Roig, Anna (著者), Fernández Fernández, José Antonio (著者), Pujol-Busquets, Jordi Monés (著者)
フォーマット: 図書
言語:スペイン語
出版事項: Barcelona Graó 2002
版:2a. ed
シリーズ:Historia de la Educación, 159
主題:
タグ: タグ追加
タグなし, このレコードへの初めてのタグを付けませんか!

MARC

LEADER 00000nam a2200000 a 4500
001 UCL5991
003 CL-VaPUC
008 040326e20020000SP |||||||||||||||||spa|d
020 |a 8478272569 
082 0 4 |a 370.904  |b TRI  |2 21 
100 0 |a Trilla Bernet, Jaume  |e author  |9 483715 
700 |a González Monteagudo, José  |e author  |9 521652 
700 0 |a Solà Gussinyer, Pere  |e author  |9 483717 
700 0 |a Pla Molins, María  |e author  |9 483718 
700 0 |a Cano García, Elena  |e author  |9 483719 
700 0 |a Lorenzo Ramírez, Núria  |e author  |9 483720 
700 0 |a Muset Adel, Margarida  |e author  |9 483721 
700 0 |a Puig Rovira, Josep María  |e author  |9 483722 
700 0 |a Fairstein, Gabriela  |e author  |9 483723 
700 0 |a Carretero Rodríguez, Mario  |e author  |9 483724 
700 0 |a Vila Mendiburu, Ignasi  |e author  |9 483725 
700 |a Gros Salvat, Begoña  |e author  |9 583518 
700 |a Imbernón Muñoz, Francisco  |e author  |9 558233 
700 0 |a Tort Bardolet, Antoni  |e author  |9 483728 
700 0 |a Rodríguez Illera, José Luis  |e author  |9 483729 
700 0 |a Escofet Roig, Anna  |e author  |9 483730 
700 0 |a Fernández Fernández, José Antonio  |e author  |9 483731 
700 0 |a Pujol-Busquets, Jordi Monés  |e author  |9 483732 
245 1 3 |a El legado pedagógico del siglo XX para la escuela del siglo XXI 
250 |a 2a. ed 
300 |a 360 p 
942 |c BK 
945 |d 20040326 00:00:00  |a cmena 
260 |a Barcelona  |b Graó  |c 2002 
650 0 |a Historia de la educación   |9 257642 
650 7 |a EDUCACION SIGLO 20  |2 CL-VaPUC  |9 326897 
650 0 |a Filosofía de la educación   |9 258384 
583 |a last modification  |c 20130122 09:49:13  |k Rodrigo Vera 
490 0 |a Historia de la Educación, 159 
999 |c 308301  |d 308299 
952 |0 0  |1 0  |4 0  |6 370_904000000000000_TRI_2002  |7 0  |8 R  |9 374663  |a BIBEDU  |b BIBEDU  |d 2019-11-21  |i 3988899  |o 370.904 TRI 2002  |p 3988899  |r 2023-01-13  |w 2019-11-21  |y BK_R  |k EPE 
952 |0 0  |1 0  |4 0  |6 370_904000000000000_TRI_2002  |7 0  |8 R  |9 374664  |a BIBEDU  |b BIBEDU  |c MCIRC  |d 2019-11-21  |i 4191420  |o 370.904 TRI 2002  |p 4191420  |r 2023-01-13  |w 2019-11-21  |y BK_R  |k EDU